000
00318nam a2200133Ia 4500
005
20260328104258.0
008
260328s9999||||xx |||||||||||||| ||und||
100
_a
Alves Costa, Alexandre
245
0
_a
Atelier 15 /
_c
Alexandre Alves Costa
260
_b
Uzina
300
_a
239 p.
650
_a
COLOMBIA
942
_c
BK
999
_c
10507
_d
10507